[Event "Prague Summer op 4th"]
[Site "Prague"]
[Date "2017.08.05"]
[Round "2"]
[White "Yuan, Ye"]
[Black "Martirosyan, Ara"]
[Result "1-0"]
[WhiteElo "2197"]
[BlackElo "1901"]
[PlyCount "81"]
[EventDate "2017.08.04"]
[EventType "swiss"]
[EventRounds "9"]
[EventCountry "CZE"]
[SourceTitle "CBM 179 Extra"]
[Source "ChessBase"]
[SourceDate "2017.08.23"]
[SourceVersion "1"]
[SourceVersionDate "2017.08.23"]
[SourceQuality "1"]

1. d4 Nf6 2. c4 g6 3. Nc3 Bg7 4. g3 0-0 5. Bg2 d6 6. Nf3 c5 7. 0-0 Bg4 8. dxc5 dxc5 9. Ne5 Bc8 10. Qxd8 Rxd8 11. Nd3 Na6 12. Be3 Ng4 13. Bg5 Bxc3 14. bxc3 f6 15. Bc1 Kg7 16. h3 Nh6 17. Ba3 Nf7 18. Nxc5 Nxc5 19. Bxc5 Ne5 20. Bxe7 Re8 21. Bc5 Nxc4 22. e3 Re5 23. Bd4 Ra5 24. f4 Rb8 25. g4 Kf7 26. Rf2 Be6 27. e4 b6 28. Re1 Rd8 29. f5 gxf5 30. exf5 Bd5 31. Rfe2 Ne5 32. Bxe5 Bxg2 33. Bd4 Bxh3 34. Re7+ Kg8 35. Bxf6 Rd2 36. Bd4 Rxd4 37. cxd4 Bxg4 38. f6 Rf5 39. Rg7+ Kf8 40. Rxg4 Rxf6 41. Rf1 1-0

[Event "Prague Golden op 13th"]
[Site "Prague"]
[Date "2017.07.09"]
[Round "9"]
[White "Haba, Zdenek"]
[Black "Martirosyan, Ara"]
[Result "1/2-1/2"]
[WhiteElo "2177"]
[BlackElo "1807"]
[PlyCount "32"]
[EventDate "2017.07.01"]
[EventType "swiss"]
[EventRounds "9"]
[EventCountry "CZE"]
[SourceTitle "CBM 179 Extra"]
[Source "ChessBase"]
[SourceDate "2017.08.23"]
[SourceVersion "1"]
[SourceVersionDate "2017.08.23"]
[SourceQuality "1"]

1. d4 Nf6 2. c4 g6 3. Bg5 Bg7 4. Nc3 0-0 5. e4 d6 6. Be2 Na6 7. Qd2 e5 8. d5 c6 9. f3 cxd5 10. cxd5 Bd7 11. Bxa6 bxa6 12. Nge2 Rb8 13. Be3 Rb7 14. 0-0 Nh5 15. b3 f5 16. Qd3 Qa5 1/2-1/2

[Event "Prague Golden op 13th"]
[Site "Prague"]
[Date "2017.07.05"]
[Round "5"]
[White "Frost, Peter"]
[Black "Martirosyan, Ara"]
[Result "0-1"]
[WhiteElo "1934"]
[BlackElo "1807"]
[PlyCount "80"]
[EventDate "2017.07.01"]
[EventType "swiss"]
[EventRounds "9"]
[EventCountry "CZE"]
[SourceTitle "CBM 179 Extra"]
[Source "ChessBase"]
[SourceDate "2017.08.23"]
[SourceVersion "1"]
[SourceVersionDate "2017.08.23"]
[SourceQuality "1"]

1. c4 Nf6 2. Nc3 g6 3. e4 d6 4. d4 Bg7 5. h3 0-0 6. Bg5 c5 7. d5 e6 8. Bd3 a6 9. Nge2 h6 10. Be3 exd5 11. cxd5 Nbd7 12. 0-0 Ne5 13. Bc2 Nc4 14. Bc1 b5 15. b3 Nb6 16. Bb2 Re8 17. f3 b4 18. Nb1 Nfxd5 19. Bxg7 Ne3 20. Qd2 Qg5 21. g4 Nxf1 22. Qxg5 hxg5 23. Bf6 Ne3 24. Bd3 c4 25. bxc4 Nexc4 26. Bxg5 Ne5 27. Be3 Nxf3+ 28. Kf2 Ne5 29. Bc2 Nbc4 30. Bf4 Bb7 31. Nd2 Rac8 32. Nd4 Nxd2 33. Bxd2 Nc4 34. Bf4 Bxe4 35. Ba4 Re7 36. Bg5 Rec7 37. Re1 Bd5 38. h4 Nb2 39. Bc2 Rxc2+ 40. Nxc2 Nd3+ 0-1

[Event "CZE-ch U14"]
[Site "Kouty nad Desnou"]
[Date "2017.03.13"]
[Round "3"]
[White "Glozar, Petr"]
[Black "Martirosyan, Ara"]
[Result "1-0"]
[WhiteElo "1619"]
[BlackElo "1881"]
[PlyCount "111"]
[EventDate "2017.03.11"]
[EventType "swiss"]
[EventRounds "9"]
[EventCountry "CZE"]
[SourceTitle "CBM 177 Extra"]
[Source "ChessBase"]
[SourceDate "2017.04.27"]
[SourceVersion "1"]
[SourceVersionDate "2017.04.27"]
[SourceQuality "1"]

1. d4 Nf6 2. c4 g6 3. Nc3 Bg7 4. e4 d6 5. Nf3 0-0 6. Be2 e5 7. 0-0 Nbd7 8. Re1 Re8 9. Bf1 exd4 10. Nxd4 Nc5 11. f3 a5 12. Bg5 Ne6 13. Nxe6 Bxe6 14. Qd2 Qd7 15. Rad1 Qc6 16. Nd5 Bxd5 17. cxd5 Qa4 18. b3 Qb4 19. Qc2 Nxd5 20. Bd2 Qb6+ 21. Kh1 Nb4 22. Qb1 c6 23. a3 Na6 24. Bxa6 Qxa6 25. Bf4 Be5 26. Bxe5 dxe5 27. Qd3 Qxd3 28. Rxd3 Rad8 29. Red1 Rxd3 30. Rxd3 b5 31. Kg1 Kf8 32. Rd7 Ra8 33. Rc7 Ra6 34. h4 Kg7 35. g4 Kf6 36. g5+ Ke6 37. Kf2 Rb6 38. Kg3 a4 39. b4 Rb8 40. Rxc6+ Kd7 41. Rc5 Ke6 42. h5 Kd6 43. h6 Ke6 44. Rd5 Rb7 45. Kh4 Rb8 46. Kg4 Rb7 47. Rd8 f5+ 48. exf5+ gxf5+ 49. Kh5 e4 50. Re8+ Re7 51. Rc8 e3 52. g6 e2 53. g7 e1Q 54. g8Q+ Ke5 55. Rc5+ Kd4 56. Qd8+ 1-0

[Event "EU-ch U14 26th"]
[Site "Prague"]
[Date "2016.08.26"]
[Round "8"]
[White "Stinka, Jakub"]
[Black "Martirosyan, Ara"]
[Result "0-1"]
[WhiteElo "2034"]
[BlackElo "1839"]
[PlyCount "98"]
[EventDate "2016.08.18"]
[EventType "swiss"]
[EventRounds "9"]
[EventCountry "CZE"]
[SourceTitle "CBM 174 Extra"]
[Source "ChessBase"]
[SourceDate "2016.10.10"]
[SourceVersion "1"]
[SourceVersionDate "2016.10.10"]
[SourceQuality "1"]

1. e4 c5 2. Nf3 Nc6 3. d4 cxd4 4. Nxd4 g6 5. Nc3 Bg7 6. Be2 Nxd4 7. Be3 Nxe2 8. Nxe2 d6 9. 0-0 Nf6 10. f3 0-0 11. c3 Bd7 12. Nd4 Rc8 13. a4 b6 14. Qd2 Qc7 15. Kh1 Qb7 16. Qe2 e5 17. Nc2 d5 18. exd5 Nxd5 19. Rad1 Bxa4 20. Rd2 Bxc2 21. Rxc2 Nxe3 22. Qxe3 Rcd8 23. Re2 Rd7 24. Rc2 Rfd8 25. g3 Rd3 26. Qe2 Qd5 27. Rf2 Bh6 28. Kg2 Be3 29. Rf1 Rd2 30. Rxd2 Qxd2 31. Qxd2 Rxd2+ 32. Kh1 Rxb2 33. Rd1 Bd2 34. c4 a5 35. Ra1 Rc2 36. Ra4 Bb4 37. Ra1 Rxc4 38. Ra2 b5 39. Kg2 a4 40. h4 a3 41. g4 Bc5 42. Kg3 b4 43. h5 b3 44. Rd2 Bd4 45. Rd3 Rc3 46. Rd1 b2 47. hxg6 hxg6 48. Rh1 Rc1 49. Rh2 b1Q 0-1

[Event "EU-ch U14 26th"]
[Site "Prague"]
[Date "2016.08.24"]
[Round "6"]
[White "Martirosyan, Ara"]
[Black "Apergis, Iosif"]
[Result "1-0"]
[WhiteElo "1839"]
[BlackElo "1203"]
[PlyCount "33"]
[EventDate "2016.08.18"]
[EventType "swiss"]
[EventRounds "9"]
[EventCountry "CZE"]
[SourceTitle "CBM 174 Extra"]
[Source "ChessBase"]
[SourceDate "2016.10.10"]
[SourceVersion "1"]
[SourceVersionDate "2016.10.10"]
[SourceQuality "1"]

1. e4 e5 2. f4 exf4 3. Nf3 h6 4. d4 g5 5. h4 Bg7 6. Bc4 Nf6 7. Qe2 d6 8. hxg5 hxg5 9. Rxh8+ Bxh8 10. Nxg5 Bg4 11. Bxf7+ Kf8 12. Qf2 Nxe4 13. Nxe4 Kxf7 14. Qxf4+ Bf6 15. Qxg4 Bxd4 16. Ng5+ Kg6 17. Ne6+ 1-0

[Event "EU-ch U14 26th"]
[Site "Prague"]
[Date "2016.08.18"]
[Round "1"]
[White "Martinovici, Ilie"]
[Black "Martirosyan, Ara"]
[Result "1-0"]
[WhiteElo "2170"]
[BlackElo "1839"]
[PlyCount "89"]
[EventDate "2016.08.18"]
[EventType "swiss"]
[EventRounds "9"]
[EventCountry "CZE"]
[SourceTitle "CBM 174 Extra"]
[Source "ChessBase"]
[SourceDate "2016.10.10"]
[SourceVersion "1"]
[SourceVersionDate "2016.10.10"]
[SourceQuality "1"]

1. d4 Nf6 2. c4 g6 3. Nc3 d5 4. cxd5 Nxd5 5. e4 Nxc3 6. bxc3 Bg7 7. Bc4 c5 8. Ne2 Nc6 9. Be3 0-0 10. 0-0 Bg4 11. f3 Bd7 12. Rc1 Qc7 13. Qd2 Rfd8 14. Rfd1 a6 15. Bg5 Be8 16. Bd5 Rd7 17. Bxc6 bxc6 18. Qc2 Qa7 19. Be3 e5 20. dxe5 Bxe5 21. f4 Bg7 22. e5 Rad8 23. Ng3 f5 24. Rxd7 Rxd7 25. Qb3+ Rd5 26. c4 Rd8 27. Nf1 Bf7 28. Nd2 Bf8 29. Qa3 Be6 30. Nf3 h6 31. Bf2 Be7 32. Bh4 Bxh4 33. Nxh4 Kg7 34. Nf3 Qb6 35. h4 a5 36. h5 Qb4 37. Qe3 a4 38. Qf2 Bf7 39. Qh4 Rf8 40. Qf6+ Kg8 41. hxg6 Bxc4 42. Qe7 Rb8 43. Qh7+ Kf8 44. g7+ Ke8 45. Rxc4 1-0

[Event "Prague Golden op 11th"]
[Site "Prague"]
[Date "2015.06.25"]
[Round "6"]
[White "Benes, Petr1111"]
[Black "Martirosyan, Ara"]
[Result "0-1"]
[WhiteElo "2041"]
[BlackElo "1764"]
[PlyCount "78"]
[EventDate "2015.06.21"]
[EventType "swiss"]
[EventRounds "9"]
[EventCountry "CZE"]
[SourceTitle "EXT 2017"]
[Source "ChessBase"]
[SourceDate "2016.10.25"]
[SourceVersion "1"]
[SourceVersionDate "2016.10.25"]
[SourceQuality "1"]

1. c4 Nf6 2. Nc3 g6 3. e4 d6 4. d4 Bg7 5. f4 0-0 6. Nf3 Nbd7 7. Be2 e5 8. fxe5 dxe5 9. d5 Nc5 10. Qc2 Nfxe4 11. Nxe4 Bf5 12. Bg5 f6 13. Be3 Nxe4 14. Qb3 a5 15. c5 Kh8 16. Rd1 a4 17. Qb4 Ng5 18. Nxg5 fxg5 19. 0-0 Bd7 20. c6 Rxf1+ 21. Kxf1 Qf8+ 22. Qxf8+ Rxf8+ 23. Kg1 bxc6 24. dxc6 Bxc6 25. b4 axb3 26. axb3 Bf6 27. b4 Rb8 28. Rc1 Bb5 29. Bf3 e4 30. Bg4 Bd3 31. Bc5 Bb2 32. Rd1 Ba3 33. Be6 Kg7 34. Rd2 Bxb4 35. Bd4+ Kh6 36. Rb2 Rf8 37. g4 Bd6 38. h4 gxh4 39. g5+ Kxg5 0-1

[Event "Prague Golden op 11th"]
[Site "Prague"]
[Date "2015.06.21"]
[Round "1"]
[White "Martirosyan, Ara"]
[Black "Zabehlicky, Jiri"]
[Result "1-0"]
[WhiteElo "1764"]
[BlackElo "1562"]
[PlyCount "29"]
[EventDate "2015.06.21"]
[EventType "swiss"]
[EventRounds "9"]
[EventCountry "CZE"]
[SourceTitle "CBM 167 Extra"]
[Source "ChessBase"]
[SourceDate "2015.09.14"]
[SourceVersion "1"]
[SourceVersionDate "2015.09.14"]
[SourceQuality "1"]

1. Nf3 Nf6 2. g3 g6 3. Bg2 Bg7 4. 0-0 0-0 5. d4 d6 6. c4 c6 7. Nc3 Nbd7 8. Re1 e5 9. dxe5 Nxe5 10. Nxe5 dxe5 11. Qxd8 Rxd8 12. Bg5 Bf5 13. g4 Bc2 14. Rac1 Rd2 15. Bxd2 1-0

[Event "Frydek-Mistek U15"]
[Site "Frydek Mistek"]
[Date "2015.04.03"]
[Round "3"]
[White "Klingher, Dominic"]
[Black "Martirosyan, Ara"]
[Result "0-1"]
[WhiteElo "1837"]
[BlackElo "1679"]
[PlyCount "117"]
[EventDate "2015.04.02"]
[EventType "swiss"]
[EventRounds "8"]
[EventCountry "CZE"]
[SourceTitle "EXT 2016"]
[Source "ChessBase"]
[SourceDate "2015.10.08"]
[SourceVersion "1"]
[SourceVersionDate "2015.10.08"]
[SourceQuality "1"]

1. f4 c5 2. Nf3 Nc6 3. e3 g6 4. b3 Bg7 5. Nc3 e6 6. Bb2 d5 7. Bb5 Nge7 8. 0-0 0-0 9. Bxc6 Nxc6 10. Na4 Bxb2 11. Nxb2 b5 12. a4 b4 13. Nd3 Ba6 14. Re1 Bxd3 15. cxd3 Na5 16. e4 dxe4 17. dxe4 Nc6 18. Rc1 Qd6 19. e5 Qd5 20. Re3 Rfd8 21. Kh1 Nd4 22. Ng5 h6 23. Ne4 Qc6 24. Rxc5 Qb6 25. Rc4 Nf5 26. Nf6+ Kg7 27. Ree4 Ne3 28. Rxe3 Qxe3 29. Ne8+ Kf8 30. Nd6 Qb6 31. Qf3 Rab8 32. Qh3 Kg7 33. Qh4 Rd7 34. Qf6+ Kg8 35. Qh4 Kh7 36. Ne4 Qd8 37. Qxd8 Rdxd8 38. Rc7 Rd4 39. Nd6 Rxd2 40. g3 Rd3 41. Rxf7+ Kg8 42. Rxa7 Rxb3 43. Ne4 Rd3 44. Nf6+ Kf8 45. Nd7+ Rxd7 46. Rxd7 Ke8 47. Rd1 Ra8 48. Ra1 Kd7 49. a5 Kc6 50. a6 Kb5 51. a7 b3 52. Kg2 Kb4 53. Rb1 Kc3 54. Rf1 b2 55. Rf3+ Kc2 56. Rf2+ Kb3 57. Rf3+ Ka2 58. Rf2 Ka1 59. Kh1 0-1

[Event "CZE-ch U12"]
[Site "Kouty nad Desnou"]
[Date "2015.03.10"]
[Round "4"]
[White "Martirosyan, Ara"]
[Black "Svanda, Ondrej"]
[Result "0-1"]
[WhiteElo "1769"]
[BlackElo "1805"]
[PlyCount "76"]
[EventDate "2015.03.07"]
[EventType "swiss"]
[EventRounds "9"]
[EventCountry "CZE"]
[SourceTitle "EXT 2017"]
[Source "ChessBase"]
[SourceDate "2016.10.25"]
[SourceVersion "1"]
[SourceVersionDate "2016.10.25"]
[SourceQuality "1"]

1. d4 Nf6 2. Nf3 g6 3. Nc3 Bg7 4. e4 d6 5. Bc4 0-0 6. Bf4 Nh5 7. Be3 Nd7 8. Qd2 e5 9. 0-0-0 Nb6 10. Bb3 Bg4 11. h3 Bxf3 12. gxf3 Qe7 13. Bh6 Bxh6 14. Qxh6 exd4 15. Nd5 Nxd5 16. Bxd5 c6 17. Bb3 Qf6 18. Rhg1 Kh8 19. Rg4 Qxf3 20. Rxd4 Qxh3 21. Rg1 Qh2 22. Rf1 Qe5 23. Rfd1 Qf6 24. Qe3 Rad8 25. e5 dxe5 26. Rxd8 Rxd8 27. Rxd8+ Qxd8 28. Bxf7 Qf6 29. Bc4 Qf4 30. Qxf4 Nxf4 31. Kd2 Kg7 32. Ke3 Kf6 33. Ke4 h5 34. Bf1 g5 35. Kf3 g4+ 36. Kg3 Kg5 37. c4 h4+ 38. Kh2 Kf5 0-1

[Event "EU-ch U12 24th"]
[Site "Batumi"]
[Date "2014.10.24"]
[Round "6"]
[White "Martirosyan, Ara"]
[Black "Benglyan, Alexandre"]
[Result "1-0"]
[WhiteElo "1777"]
[BlackElo "1439"]
[PlyCount "43"]
[EventDate "2014.10.19"]
[EventType "swiss"]
[EventRounds "9"]
[EventCountry "GEO"]
[SourceTitle "EXT 2016"]
[Source "ChessBase"]
[SourceDate "2015.10.08"]
[SourceVersion "1"]
[SourceVersionDate "2015.10.08"]
[SourceQuality "1"]

1. e4 e6 2. d4 d5 3. Nc3 Nf6 4. Bg5 dxe4 5. Nxe4 Be7 6. Bxf6 gxf6 7. Nf3 0-0 8. Qd2 Qd5 9. Bd3 f5 10. Neg5 f6 11. c4 Qd8 12. Nh3 Nc6 13. Qh6 Nxd4 14. 0-0-0 c5 15. Nxd4 cxd4 16. g4 Rf7 17. gxf5 exf5 18. Rhg1+ Kh8 19. Nf4 Bf8 20. Ng6+ Kg8 21. Ne7+ Kh8 22. Rg8# 1-0

[Event "Brno CEZ op"]
[Site "Brno"]
[Date "2014.08.28"]
[Round "6"]
[White "Martirosyan, Ara"]
[Black "Svanda, Adam"]
[Result "1-0"]
[WhiteElo "1729"]
[BlackElo "1486"]
[PlyCount "121"]
[EventDate "2014.08.24"]
[EventType "swiss"]
[EventRounds "9"]
[EventCountry "CZE"]
[SourceTitle "CBM 162 Extra"]
[Source "ChessBase"]
[SourceDate "2014.10.17"]
[SourceVersion "1"]
[SourceVersionDate "2014.10.17"]
[SourceQuality "1"]

1. Nf3 Nf6 2. g3 g6 3. Bg2 Bg7 4. 0-0 0-0 5. d3 c5 6. e4 d6 7. Nbd2 Nc6 8. a4 Bd7 9. Nc4 a6 10. a5 Rb8 11. Bd2 Be6 12. Nb6 Nd7 13. Nxd7 Qxd7 14. c3 Bh3 15. Qa4 Ne5 16. Nxe5 Bxe5 17. Qxd7 Bxd7 18. Bg5 Bf6 19. Bxf6 exf6 20. f4 f5 21. e5 dxe5 22. fxe5 f6 23. Bd5+ Kg7 24. e6 Bc6 25. Bg2 Rfe8 26. Rfe1 Re7 27. Re2 Bxg2 28. Kxg2 Rbe8 29. Rae1 g5 30. d4 cxd4 31. cxd4 Rd8 32. Rd2 Rd5 33. Kf3 h5 34. h4 Kg6 35. Re3 Kh6 36. Ke2 g4 37. Kd3 Kg7 38. b4 Rd6 39. Rde2 Kf8 40. Rf2 Rdxe6 41. Rxe6 Rxe6 42. Rxf5 b6 43. Rxh5 Kg7 44. Rf5 Kg6 45. Rd5 b5 46. Rc5 Rd6 47. h5+ Kh6 48. d5 Kxh5 49. Kd4 Rd8 50. Rc6 Ra8 51. Rxf6 Kg5 52. Rc6 Kf5 53. Kc5 Ke5 54. d6 Ke6 55. Kb6 Kd7 56. Kb7 Rb8+ 57. Kxb8 Kxc6 58. Ka7 Kxd6 59. Kxa6 Kc6 60. Ka7 Kc7 61. a6 1-0

[Event "Brno Duras op-A"]
[Site "Brno"]
[Date "2014.06.30"]
[Round "3"]
[White "Martirosyan, Ara"]
[Black "Kucera, Michal"]
[Result "0-1"]
[WhiteElo "1697"]
[BlackElo "1929"]
[PlyCount "66"]
[EventDate "2014.06.28"]
[EventType "swiss"]
[EventRounds "9"]
[EventCountry "CZE"]
[SourceTitle "CBM 161 Extra"]
[Source "ChessBase"]
[SourceDate "2014.08.29"]
[SourceVersion "1"]
[SourceVersionDate "2014.08.29"]
[SourceQuality "1"]

1. e4 c5 2. Nf3 Nc6 3. d4 cxd4 4. Nxd4 Nf6 5. Nc3 e5 6. Ndb5 d6 7. Nd5 Nxd5 8. exd5 Nb8 9. a4 Be7 10. Be2 0-0 11. 0-0 f5 12. Ra3 a6 13. Nc3 Nd7 14. b4 Bf6 15. Bb2 e4 16. Rb3 Ne5 17. h3 Bd7 18. b5 Qc7 19. b6 Qd8 20. Ba3 Qe7 21. Bb4 Rac8 22. Qc1 Nc4 23. Bxc4 Rxc4 24. Qa3 Be5 25. Rd1 Qf6 26. Re1 Rfc8 27. Re3 Qg6 28. Re2 f4 29. Nxe4 Rxe4 30. Rxe4 Qxe4 31. Bxd6 Bd4 32. Rf3 Qe1+ 33. Kh2 Bxf2 0-1

[Event "Brno Duras op-A"]
[Site "Brno"]
[Date "2014.06.29"]
[Round "2"]
[White "Brychta, Jan"]
[Black "Martirosyan, Ara"]
[Result "0-1"]
[WhiteElo "1664"]
[BlackElo "1697"]
[PlyCount "94"]
[EventDate "2014.06.28"]
[EventType "swiss"]
[EventRounds "9"]
[EventCountry "CZE"]
[SourceTitle "CBM 161 Extra"]
[Source "ChessBase"]
[SourceDate "2014.08.29"]
[SourceVersion "1"]
[SourceVersionDate "2014.08.29"]
[SourceQuality "1"]

1. d4 Nf6 2. c4 g6 3. Nc3 d5 4. cxd5 Nxd5 5. e4 Nxc3 6. bxc3 c5 7. Bb5+ Bd7 8. Bxd7+ Qxd7 9. Ne2 cxd4 10. cxd4 Bg7 11. 0-0 0-0 12. Bb2 Nc6 13. Rb1 Rfd8 14. d5 Ne5 15. Qb3 Rac8 16. Bxe5 Bxe5 17. Qxb7 Qxb7 18. Rxb7 Rc2 19. Rxe7 Bf6 20. Rxa7 Rxe2 21. Ra4 Re8 22. f3 Rc8 23. Kh1 Rcc2 24. Rg1 Rxa2 25. Rxa2 Rxa2 26. Rd1 Kf8 27. g3 Ke7 28. f4 Ra1 29. Rxa1 Bxa1 30. Kg2 Kd6 31. Kf3 f6 32. h4 Bc3 33. g4 h5 34. f5 gxf5 35. gxh5 Bd2 36. Ke2 Bh6 37. Kf3 Bc1 38. exf5 Kxd5 39. Kg4 Ke5 40. h6 Bxh6 41. Kh5 Bd2 42. Kg6 Be1 43. h5 Bd2 44. h6 Bxh6 45. Kxh6 Kxf5 46. Kh5 Ke4 47. Kg4 f5+ 0-1